000 00577nam a2200205Ia 4500
005 20250508165635.0
008 008 250505s9999 xx 000 0 eng d
037 _aTextual
040 _aFEDL
_beng
_cFEDL
041 _aeng
_2eng
084 _a500, GAN
_qFEDL
100 _aGanesh N.S
_9781460
245 0 _aScience and technology : CBSE IX
260 _aNew Delhi, India
_bOxford University Press
_c2003
300 _aviii,566 P.
365 _aINR
_b189
700 _a Pillai Vijaylakshmi
_9781461
942 _cTEXL
_h500, GAN
999 _c1396412
_d1396412